The wild supermarket (Record no. 130031)
[ view plain ]
| 000 -LEADER | |
|---|---|
| fixed length control field | 00400nam a22001217a 4500 |
| 008 - FIXED-LENGTH DATA ELEMENTS--GENERAL INFORMATION | |
| fixed length control field | 191114b ||||| |||| 00| 0 eng d |
| 050 ## - LIBRARY OF CONGRESS CALL NUMBER | |
| Classification number | SB172.5.A4 |
| Item number | W668 |
| 245 ## - TITLE STATEMENT | |
| Title | The wild supermarket |
| Remainder of title | the importance of biological diversity to food security |
| Statement of responsibility, etc | Edited by Chris Hails |
| 260 ## - PUBLICATION, DISTRIBUTION, ETC. (IMPRINT) | |
| Place of publication, distribution, etc | Gland |
| Name of publisher, distributor, etc | WWF |
| Date of publication, distribution, etc | 1986 |
| 300 ## - PHYSICAL DESCRIPTION | |
| Extent | 32p. ; |
| Dimensions | 30cm. |
| 650 ## - SUBJECT ADDED ENTRY--TOPICAL TERM | |
| Topical term or geographic name as entry element | Food supply |
| Geographic subdivision | Africa |
| 9 (RLIN) | 27086 |
| 942 ## - ADDED ENTRY ELEMENTS (KOHA) | |
| Source of classification or shelving scheme | Library of Congress Classification |
| Item type | Monograph ( Printed materials) |
| Withdrawn status | Lost status | Source of classification or shelving scheme | Damaged status | Not for loan | Collection code | Home library | Current library | Shelving location | Date acquired | Total Checkouts | Full call number | Barcode | Date last seen | Price effective from | Koha item type |
|---|---|---|---|---|---|---|---|---|---|---|---|---|---|---|---|
| Library of Congress Classification | Main Collection | ARRUPE LIBRARY | ARRUPE LIBRARY | Main Collection | 14/11/2019 | SB172.5.A4 W668 | 46600005845 | 14/11/2019 | 14/11/2019 | Monograph ( Printed materials) |